All Time Manchester City Premier League Scorers - Statistics

General Stats
  • This quiz has been taken 627 times
    421 since last reset
  • The average score is 11 of 20
Answer Stats
Goals Player % Correct
181 Sergio Aguero
100%
77 Raheem Sterling
91%
60 David Silva
90%
41 Kevin De Bruyne
90%
50 Edin Dzeko
75%
62 Yaya Toure
73%
49 Gabriel Jesus
68%
58 Carlos Tevez
65%
27 Riyad Mahrez
64%
25 Leroy Sane
60%
20 Mario Balotelli
59%
27 Ilkay Gundogan
57%
18 Vincent Kompany
57%
18 Fernandinho
51%
37 Nicolas Anelka
32%
27 Shaun Wright-Phillips
23%
21 Bernardo Silva
22%
21 Robbie Fowler
21%
29 Niall Quinn
15%
29 Uwe Rosler
13%
No matching quizzes found
Score Distribution
Percent of People with Each Score
Percentile by Number Answered
Your Score History
You have not taken this quiz since the last reset